Statistics for Sports Person to Country #2

Click here to take the quiz!

General Stats

  • This quiz has been taken 22 times
  • The average score is 17 of 30

Answer Stats

AthleteSportCountry% Correct
Serena WilliamsTennisUnited States of America
100%
Connor McGregorUFC/BoxingRepublic of Ireland
90%
Roger FedererTennisSwitzerland
90%
Gianluigi BuffonFootballItaly
90%
Christoper FroomeCyclingUnited Kingdom of Great Britain and Northern Ireland
85%
Mesut OzilFootballGermany
85%
RonaldinhoFootballBrazil
80%
Yao MingBasketballChina PR
80%
Sonny Bill WilliamsRugby Union Rugby LeagueNew Zealand
80%
Hideki MatsuyamaGolfJapan
80%
Wayde van NiekerkAthleticsSouth Africa
75%
Canelo AlvarezBoxingMexico
65%
Kumar SangakkaraCricketSri Lanka
65%
Valterri BottasFormula 1Finland
65%
Viktor AxelsenBadmintonDenmark
65%
Riyad MahrezFootballAlgeria
65%
Sally PearsonAthleticsAustralia
65%
Andre De GrasseAthleticsCanada
60%
Kim HuybrechtsDartsBelgium
55%
Tomas BerdychTennisCzech Republic
55%
Noppon SaengkhamSnookerThailand
45%
Ruslan NurudinovWeightliftingUzbekistan
40%
Elena KaliskaCanoe SlalomSlovakia
35%
Shaunae Miller-EuboAthleticsBahamas
35%
Christopher GayleCricketJamaica
25%
Brendan TaylorCricketZimbabwe
20%
Flora DuffyTriathlonBermuda
15%
Alfred EffiongFootballMalta
15%
Jonathan GarayogFootballMicronesia
15%
JobFootballAngola
5%

Score Distribution

Percentile by Number Answered

Percent of People with Each Score

Your Score History

You have not taken this quiz